000 00732nam a22001817a 4500
005 20120324110657.0
020 _c125.00
_a818748232x
035 _a B-113646
037 _b
_adpl
082 _a323
100 _aनन्दकिशोर
_944246
245 1 _aमानवाधिकार के तकाज़े /
_cनन्दकिशोर
260 _aबीकानेर
_bवाग्देवी प्रकाशन
_c2003
270 _a
_b
_e
_k
300 _a136पृ.
_c22सेमी (सजिल्द)
942 _adpl
_cHN
_k
_2ddc
_h323
_m नन्दकि
999 _c64346
_d64346